00465nam a22001217a 4500020001800000082001500018100001700033245012000050260004600170300002100216563000900237880009700246 a9789699290091 a297.4bBAH aBahu, Sultan aKalid Tauheed (Khurd), Majalis un Nabi, Risala e Ruhi Sharif /cSultan Bahu and Translated by Syed Ameer Khan Niazi aLahore :bAl-Arifeen Publications,c2018. a174 p. ;c22 cm. aHBK. 6245-02\raکلید التوحید، مجالسہ النبی، رسالہ روحی شریف /